00588nam a22001937a 4500001000200000003000400002005001700006008004100023020001800064050002300082082003100105245011700136260006500253300002600318521002100344526001700365541000600382562000600388 OSt20140310182824.0130525t xxu||||| |||| 00| 0 eng d a9789715426657 aDS 664b.T121 2009 aF 305.58609599 bT121 2009 aThings fall away : b[Philippine historical experience and the makings of globalization]cTadiar, Neferti X. M.  aQuezon City : bUniversity of the Philippines Press,cc2009. aix, 484 p. ; c23 cm. acollege students c1210-L-1700L j1 e1